Quick Pick: Battles of World War I Quiz Stats

 Plays Quiz Updated Jul 28, 2019

Score 0/10 Timer 01:30
5 Plays Today
% Correct
Battle of the Somme
91.3%
Battle of Verdun
88.3%
First Battle of the Marne
86.1%
Second Battle of Ypres
83.5%
Battle of Gallipoli
83.2%
German Spring Offensive
78.8%
Battle of Lorraine
78.2%
Battle of Jutland
76.1%
First Battle of Champagne
71.9%
Brusilov Offensive
63.9%

Today's Daily Dose

Missing Word
Banned Books (A-Z)

Word Ladder
Janis Joplin

Get the Picture
Occupations

You're not logged in!

Compare scores with friends on all Sporcle quizzes.
OR
Log In

Sporcle TV

Today on Sporcle TV


Watch our educational content, quiz creation guides, and fun videos on Sporcle TV.

Show Comments

Extras

Top Quizzes Today


Score Distribution

Your Account Isn't Verified!

In order to create a playlist on Sporcle, you need to verify the email address you used during registration. Go to your Sporcle Settings to finish the process.

Report this User

Report this user for behavior that violates our Community Guidelines.

Details: